000
00282nam a2200109Ia 4500
008
210430s9999 xx 000 0 und d
082
_a
645 R575H
100
_a
Jane Rimmell
_9
54546
245
_a
All Colour Guide to Home Decorating
_c
Jane Rimmell
300
_a
128
942
_c
BK
_2
ddc
999
_c
565166
_d
565166